MARC details
| 000 -LEADER |
| campo de control de longitud fija |
02609cam a2200457 i 4500 |
| 001 - NÚMERO DE CONTROL |
| campo de control |
18821231 |
| 003 - IDENTIFICADOR DE NÚMERO DE CONTROL |
| campo de control |
BJBSDDR |
| 005 - FECHA Y HORA DE LA ÚLTIMA TRANSACCIÓN |
| campo de control |
20230411090916.0 |
| 007 - CAMPO FIJO DE DESCRIPCIÓN FÍSICA--INFORMACIÓN GENERAL |
| campo de control de longitud fija |
ta |
| 008 - DATOS DE LONGITUD FIJA--INFORMACIÓN GENERAL |
| campo de control de longitud fija |
151002s2015 fr a b 000 0 fre d |
| 010 ## - NÚMERO DE CONTROL DE LA BIBLIOTECA DEL CONGRESO |
| Número de control de LC |
2015494270 |
| 020 ## - NÚMERO INTERNACIONAL ESTÁNDAR DEL LIBRO |
| Número Internacional Estándar del Libro |
9782021279962 |
| 020 ## - NÚMERO INTERNACIONAL ESTÁNDAR DEL LIBRO |
| Número Internacional Estándar del Libro |
2021279960 |
| 035 ## - NÚMERO DE CONTROL DEL SISTEMA |
| Número de control de sistema |
(OCoLC)ocn925890784 |
| 040 ## - FUENTE DE CATALOGACIÓN |
| Centro catalogador/agencia de origen |
EMU |
| Lengua de catalogación |
eng |
| Normas de descripción |
rda |
| Centro/agencia transcriptor |
EMU |
| Centro/agencia modificador |
YOU |
| -- |
DLC |
| 042 ## - CÓDIGO DE AUTENTICACIÓN |
| Código de autenticación |
lccopycat |
| 050 00 - SIGNATURA TOPOGRÁFICA DE LA BIBLIOTECA DEL CONGRESO |
| Número de clasificación |
QA76.9.C66 |
| Número de ítem |
C268 2015 |
| 100 1# - ENTRADA PRINCIPAL--NOMBRE DE PERSONA |
| Nombre de persona |
Cardon, Dominique, |
| Fechas asociadas al nombre |
1965- |
| Forma completa/desarrollada del nombre |
Dominique Cardon, |
| 245 10 - MENCIÓN DEL TÍTULO |
| Título |
A quoi rêvent les algorithmes : |
| Resto del título |
nos vies à l'heure des big data / |
| Mención de responsabilidad, etc. |
Dominique Cardon. |
| 260 ## - PUBLICACIÓN, DISTRIBUCIÓN, ETC. |
| Lugar de publicación, distribución, etc. |
Paris: |
| Nombre del editor, distribuidor, etc. |
La République des idées : |
| Fecha de publicación, distribución, etc. |
2015 |
| 264 #1 - PRODUCCIÓN, PUBLICACIÓN, DISTRIBUCIÓN, FABRICACIÓN Y COPYRIGHT |
| Producción, publicación, distribución, fabricación y copyright |
[Paris] : |
| Nombre del de productor, editor, distribuidor, fabricante |
La République des idées : |
| -- |
Seuil, |
| Fecha de producción, publicación, distribución, fabricación o copyright |
[2015] |
| 300 ## - DESCRIPCIÓN FÍSICA |
| Extensión |
105 pages : |
| Otras características físicas |
illustrations ; |
| Dimensiones |
21 cm. |
| 336 ## - TIPO DE CONTENIDO |
| Término de tipo de contenido |
text |
| Código de tipo de contenido |
txt |
| Fuente |
rdacontent |
| 337 ## - TIPO DE MEDIO |
| Nombre/término del tipo de medio |
unmediated |
| Código del tipo de medio |
n |
| Fuente |
rdamedia |
| 338 ## - TIPO DE SOPORTE |
| Nombre/término del tipo de soporte |
volume |
| Código del tipo de soporte |
nc |
| Fuente |
rdacarrier |
| 490 1# - MENCIÓN DE SERIE |
| Mención de serie |
La République des idées |
| 504 ## - NOTA DE BIBLIOGRAFÍA, ETC. |
| Nota de bibliografía, etc. |
Includes bibliographical references. |
| 505 00 - NOTA DE CONTENIDO CON FORMATO |
| Título |
Introduction -- |
| -- |
Comprendre la révolution des calculs -- |
| -- |
Chiffrer le monde -- |
| -- |
Ouvrir la boîte noire -- |
| Información miscelánea |
1. |
| Título |
Quatre familles de calcul numérique -- |
| -- |
À côté du web : l'imprécise popularité des clics -- |
| -- |
Au-dessus du web : l'autorité des méritants -- |
| -- |
À l'intérieur du web : la fabrique de la réputation -- |
| -- |
Au-dessous du web : la prédiction par les traces -- |
| Información miscelánea |
2. |
| Título |
La révolution dans les calculs -- |
| -- |
La manipulation du réel -- |
| -- |
Le débordement des catégories -- |
| -- |
Calculer au plus près -- |
| -- |
Corrélations sans causes -- |
| Información miscelánea |
3. |
| Título |
Les signaux et les traces -- |
| -- |
Les nouveaux gisements de données -- |
| -- |
Des machines "statistiques" -- |
| -- |
Le signal et la trace -- |
| -- |
Un comportementalisme radical -- |
| -- |
Signaux sans traces et traces sans signaux -- |
| -- |
La quantification de soi -- |
| -- |
Les algorithmes sont-ils biaisés? -- |
| -- |
L'"idiotie" des algorithmes -- |
| Información miscelánea |
4. |
| Título |
La société des calculs -- |
| -- |
La "tyrannie du centre" -- |
| -- |
La coordination virale de l'attention -- |
| -- |
La sécession des excellents -- |
| -- |
Digital labor -- |
| -- |
"Passer en manuel" -- |
| -- |
Conclusion : La route et le paysage. |
| 650 #0 - PUNTO DE ACCESO ADICIONAL DE MATERIA--TÉRMINO DE MATERIA |
| Término de materia o nombre geográfico como elemento de entrada |
Big data |
| Subdivisión general |
Social aspects. |
| 650 #0 - PUNTO DE ACCESO ADICIONAL DE MATERIA--TÉRMINO DE MATERIA |
| Término de materia o nombre geográfico como elemento de entrada |
Data mining |
| Subdivisión general |
Social aspects. |
| 650 #0 - PUNTO DE ACCESO ADICIONAL DE MATERIA--TÉRMINO DE MATERIA |
| Término de materia o nombre geográfico como elemento de entrada |
Algorithms |
| Subdivisión general |
Social aspects. |
| 650 #0 - PUNTO DE ACCESO ADICIONAL DE MATERIA--TÉRMINO DE MATERIA |
| Término de materia o nombre geográfico como elemento de entrada |
Calculus |
| Subdivisión general |
Social aspects. |
| 650 #0 - PUNTO DE ACCESO ADICIONAL DE MATERIA--TÉRMINO DE MATERIA |
| Término de materia o nombre geográfico como elemento de entrada |
Internet |
| Subdivisión general |
Social aspects. |
| 650 #0 - PUNTO DE ACCESO ADICIONAL DE MATERIA--TÉRMINO DE MATERIA |
| Término de materia o nombre geográfico como elemento de entrada |
Information technology |
| Subdivisión general |
Social aspects. |
| 650 #0 - PUNTO DE ACCESO ADICIONAL DE MATERIA--TÉRMINO DE MATERIA |
| Término de materia o nombre geográfico como elemento de entrada |
Computers and civilization. |
| 830 #0 - PUNTO DE ACCESO ADICIONAL DE SERIE-TÍTULO UNIFORME |
| Título uniforme |
République des idées. |
| 906 ## - ELEMENTOS DE DATOS F LOCAL, LDF (RLIN) |
| a |
7 |
| b |
cbc |
| c |
copycat |
| d |
3 |
| e |
ncip |
| f |
20 |
| g |
y-gencatlg |
| 942 ## - ELEMENTOS DE ENTRADA SECUNDARIOS (KOHA) |
| Fuente del sistema de clasificación o colocación |
Clasificación de Library of Congress |
| Tipo de ítem Koha |
Libro |